00725 a2200241 4500502002400000260001500024653001400039100002100053041000700074260003100081300001100112245009800123650002200221650002000243260001700263300002900280130000700309040001400316041000700330653003900337100008900376020001800465 aThèse de Doctorat aWageningen1 aAgronomie aHAROLD VIS, Eric bEn bUniversité de Wageningen a160 p. aInfluence of dietary protein sources on putative in vitro and in vivo colon cancer biomarkers aCANCER BIOMARKERS aDISTARY PROTEIN c07 Juin 2002 bIll., Couv. ill. ; 24 cm lEn aSupport  bEn 1aNutrition et Sciences Alimentaires uAbomey-Calavi, Université d'Abomey-Calavi, Faculté des Sciences Agronomiques, Bj a90-5808-652-6